000 00581nam a22002297a 4500
003 UA-OsUOA
001 103983
007 ta
008 20131202b un ||||| |||| 00| 0 ukr d
100 _aБернс Р.
090 _a159.923:37
_bБ51
942 _cBK
040 _aUA-OsUOA
_bukr
_cUA-OsUOA
_dUA-OsUOA
245 _aРазвитие Я-концепции и воспитание
300 _a420 с.
955 _a2
041 _aukr
080 _a159.923:37
260 _aМ.
_bПрогресс
_c1986
650 7 _a159.9 Психологія
_2UDC
999 _c389389
_d389389